Growl! : (Record no. 3964)

MARC details
000 -LEADER
fixed length control field 01038cam a22003254a 4500
001 - CONTROL NUMBER
control field 3964
003 - CONTROL NUMBER IDENTIFIER
control field FISKH
005 - DATE AND TIME OF LATEST TRANSACTION
control field 20240712081851.0
008 - FIXED-LENGTH DATA ELEMENTS--GENERAL INFORMATION
fixed length control field 060616s2005 nyua j 001 0 eng
010 ## - LIBRARY OF CONGRESS CONTROL NUMBER
LC control number 2006277821
020 ## - INTERNATIONAL STANDARD BOOK NUMBER
International Standard Book Number 0439801834
020 ## - INTERNATIONAL STANDARD BOOK NUMBER
International Standard Book Number 9780439801836
040 ## - CATALOGING SOURCE
Original cataloging agency DLC
Transcribing agency DLC
Language of cataloging eng
050 00 - LIBRARY OF CONGRESS CALL NUMBER
Classification number QL737.C27
Item number B4524 2005
082 ## - DEWEY DECIMAL CLASSIFICATION NUMBER
Classification number 599.78
100 1# - MAIN ENTRY--PERSONAL NAME
Personal name Berger, Melvin.
245 10 - TITLE STATEMENT
Title Growl! :
Remainder of title a book about bears /
Statement of responsibility, etc. by Melvin & Gilda Berger.
260 ## - PUBLICATION, DISTRIBUTION, ETC.
Place of publication, distribution, etc. New York :
Name of publisher, distributor, etc. Scholastic,
Date of publication, distribution, etc. 2005.
300 ## - PHYSICAL DESCRIPTION
Extent 40 pages :
Other physical details color illustrations ;
Dimensions 23 cm
490 0# - SERIES STATEMENT
Series statement Berger science readers
505 ## - FORMATTED CONTENTS NOTE
Formatted contents note J<br/>
520 ## - SUMMARY, ETC.
Summary, etc. A simple explanation of what bears look like, how they hunt, what they eat, how they sleep during the winter, and how their cubs are born and raised.
521 8# - TARGET AUDIENCE NOTE
Target audience note 480<br/>
Source Lexile<br/>
521 8# - TARGET AUDIENCE NOTE
Target audience note J<br/>
Source Raz-Plus<br/>
650 #0 - SUBJECT ADDED ENTRY--TOPICAL TERM
Topical term or geographic name entry element Bears
General subdivision Juvenile literature.
700 1# - ADDED ENTRY--PERSONAL NAME
Personal name Berger, Gilda.
Relator term Author
906 ## - LOCAL DATA ELEMENT F, LDF (RLIN)
a 7
b cbc
c orignew
d 2
e ncip
f 20
g y-gencatlg
942 ## - ADDED ENTRY ELEMENTS (KOHA)
Source of classification or shelving scheme Dewey Decimal Classification
Koha item type Books
Suppress in OPAC No
Holdings
Withdrawn status Lost status Source of classification or shelving scheme Damaged status Not for loan Collection Home library Current library Shelving location Date acquired Total Checkouts Full call number Barcode Date last seen Copy number Price effective from Koha item type Date last checked out
    Dewey Decimal Classification     Non-Fiction Footprints International School Library Network Toul Kork Campus Footprints International School Library Network Toul Kork Campus TK Primary Library Room(4th Floor), Bookcase 1&2, Shelves 1-16, Dark Blue Books 05/28/2024   BER 599.78 QL737.C27 FISBK05491 05/28/2024 1 05/28/2024 Books  
    Dewey Decimal Classification     Non-Fiction Footprints International School Library Network Toul Kork Campus Footprints International School Library Network Toul Kork Campus TK Primary Library Room(4th Floor), Bookcase 1&2, Shelves 1-16, Dark Blue Books 07/12/2024 1 BER 599.78 QL737.C27 FISBK05496 12/09/2024 2 07/12/2024 Books 08/12/2024